00241nam a22000977a 4500041000800000082001700008100001900025245005800044260002800102650001300130 aENG a324.245bVIC aVictus Solomon aCultural Nationalism : The Making of an Indian Nation aSeramporebSATHRIc2021 aHINDUTVA